Catálogo
 En Linea

Campos roturados : (Registro nro. 23908)

Detalles MARC
000 -CABECERA
campo de control de longitud fija 00715nam a2200193 a 4500
001 - NÚMERO DE CONTROL
campo de control 000024415
005 - FECHA Y HORA DE LA ÚLTIMA TRANSACCIÓN
campo de control 20200930023150.0
008 - DATOS DE LONGITUD FIJA--INFORMACIÓN GENERAL
campo de control de longitud fija 110127nuuuuuuuuru r 000 0 spa d
040 ## - FUENTE DE LA CATALOGACIÓN
Centro catalogador/agencia de origen DO-SdBNP
Lengua de catalogación spa
Centro/agencia transcriptor BNPHU
082 ## - NÚMERO DE LA CLASIFICACIÓN DECIMAL DEWEY
Número de clasificación xxxxxx
Número de documento/Ítem S559c
049 ## - FONDOS LOCALES (OCLC)
Fondos de biblioteca BNGR
100 1# - ENTRADA PRINCIPAL--NOMBRE DE PERSONA
Nombre de persona Shólojov, Mijail
9 (RLIN) 50047
245 10 - MENCIÓN DE TÍTULO
Título Campos roturados :
Resto del título segunda parte /
Mención de responsabilidad, etc. Mijail Shólojov.
260 ## - PUBLICACIÓN, DISTRIBUCIÓN, ETC.
Lugar de publicación, distribución, etc. Moscú :
Nombre del editor, distribuidor, etc. Lenguas extranjeras,
Fecha de publicación, distribución, etc. [s. f.].
300 ## - DESCRIPCIÓN FÍSICA
Extensión 479 p. ;
Dimensiones 20.5 cm.
490 1# - MENCIÓN DE SERIE
Mención de serie Obras selectas de la literatura soviética.
534 ## - NOTA SOBRE LA VERSIÓN ORIGINAL
Frase introductoria título original:
Mención de título del original Поднятая целина
Publicación, distribución, etc. del original Moscú, Lenguas extranjeras
Encabezamiento principal del original Vento Molina, José
Enlace entre campo y número de secuencia Muxaил Mолхос
830 #0 - PUNTO DE ACCESO ADICIONAL DE SERIE-TÍTULO UNIFORME
Título uniforme Obras selectas de la literatura soviética.
9 (RLIN) 50048
Existencias
Estado de retiro Estado de pérdida Restricciones de uso No para préstamo Código de colección Localización permanente Ubicación/localización actual Ubicación en estantería Fecha de adquisición Número de inventario Total de préstamos Signatura topográfica completa Código de barras Fecha visto por última vez Precio válido a partir de Tipo de ítem Koha
        Monografías: Libros y Folletos General General En catalogación 27.01.2011 LF1   xxxxxx S559c 24415-10 25.06.2020 25.06.2020 Préstamo en sala

Con tecnología Koha